Die größten Städte pro Bundesland - Buchstabe W - Statistiken

Allgemein
  • Dieses Quiz wurde 152 mal gespielt
  • Das Durchschnittsergebnis liegt bei 12 aus 39
Antwortstatistiken
Bundesland Einwohnerzahl Stadt % Korrekt
Nordrhein-Westfalen 354.572 Wuppertal
92%
Hessen 278.950 Wiesbaden
90%
Bayern 126.933 Würzburg
90%
Niedersachsen 123.949 Wolfsburg
84%
Rheinland-Pfalz 83.850 Worms
72%
Thüringen 65.138 Weimar
71%
Mecklenburg-Vorpommern 42.785 Wismar
62%
Nordrhein-Westfalen 95.107 Witten
55%
Niedersachsen 75.027 Wilhelmshaven
52%
Sachsen-Anhalt 44.984 Wittenberg
42%
Brandenburg 16.682 Wittenberge
42%
Niedersachsen 51.986 Wolfenbüttel
42%
Baden-Württemberg 30.251 Weil am Rhein
38%
Baden-Württemberg 55.526 Waiblingen
37%
Hessen 52.969 Wetzlar
37%
Bayern 42.472 Weiden (Oberpfalz)
35%
Nordrhein-Westfalen 60.688 Wesel
35%
Baden-Württemberg 45.197 Weinheim
34%
Mecklenburg-Vorpommern 21.116 Waren (Müritz)
31%
Sachsen-Anhalt 32.027 Wernigerode
29%
Sachsen-Anhalt 39.745 Weißenfels
25%
Rheinland-Pfalz 19.345 Wittlich
20%
Schleswig-Holstein 34.151 Wedel
16%
Brandenburg 26.767 Werder (Havel)
15%
Rheinland-Pfalz 18.274 Wörth am Rhein
15%
Mecklenburg-Vorpommern 11.890 Wolgast
9%
Hessen 25.942 Weiterstadt
7%
Saarland 15.697 Wadern
6%
Sachsen 15.255 Weißwasser
6%
Thüringen 12.664 Waltershausen
5%
Brandenburg 23.657 Wandlitz
5%
Sachsen 16.238 Wurzen
5%
Bayern 23.957 Waldkraiburg
4%
Sachsen 20.381 Werdau
4%
Saarland 16.900 Wadgassen
3%
Saarland 9.220 Wallerfangen
2%
Thüringen 8.173 Weida
2%
Schleswig-Holstein 9.958 Wahlstedt
1%
Schleswig-Holstein 13.366 Wentorf
1%
Keine übereinstimmenden Quizze gefunden
Verteilung der Resultate
Anzahl Personen mit jedem Resultat
Perzentil nach korrekt beantworteten Fragen
Ihre Resultats-Entwicklung
Sie haben dieses Quiz noch nicht gespielt